La responsabilidad civil y su seguro
-д хадгалсан:
| Үндсэн зохиолч: | |
|---|---|
| Формат: | Ном |
| Хэл сонгох: | испани |
| Хэвлэсэн: |
Madrid
Tecnos
1998
|
| Цуврал: | Colección Práctica Jurídica
|
| Нөхцлүүд: | |
| Шошгууд: |
Шошго нэмэх
Шошго байхгүй, Энэхүү баримтыг шошголох эхний хүн болох!
|
MARC
| LEADER | 00000nam a2200000 a 4500 | ||
|---|---|---|---|
| 001 | UCQ8606 | ||
| 003 | CL-VaPUC | ||
| 008 | 981210e19980000SP |||||||||||||||||spa|d | ||
| 082 | 0 | 4 | |a 346.031 |b PER |2 21 |
| 100 | 0 | |a Perán Ortega, Juan |e author |9 422661 | |
| 245 | 1 | 3 | |a La responsabilidad civil y su seguro |
| 300 | |a 505 p | ||
| 942 | |c BK | ||
| 945 | |d 19981210 00:00:00 |a aarredon | ||
| 260 | |a Madrid |b Tecnos |c 1998 | ||
| 650 | 0 | |a Derecho civil |9 255013 | |
| 650 | 7 | |a RESPONSABILIDAD CIVIL |2 CL-VaPUC |9 422662 | |
| 650 | 0 | |a Etica profesional |9 255694 | |
| 650 | 0 | |a Responsabilidad médica |9 357519 | |
| 650 | 0 | |a Responsabilidad contractual |9 256720 | |
| 650 | 0 | |a Seguro de responsabilidad civil |9 461206 | |
| 650 | 0 | |a Jurisprudencia |9 255952 | |
| 650 | 0 | |a Franquicias |9 345093 | |
| 583 | |a last modification |c 19981210 00:00:00 |k Rodrigo Vera | ||
| 490 | 0 | |a Colección Práctica Jurídica | |
| 999 | |c 277823 |d 277821 | ||
| 952 | |0 0 |1 0 |4 0 |6 346_031000000000000_PER_1998 |7 0 |8 A |9 316037 |a BIBDER |b BIBDER |d 2019-11-20 |i 3489337 |l 1 |o 346.031 PER 1998 |p 3489337 |r 2023-06-20 |s 2023-06-20 |w 2019-11-20 |y BK |k DER | ||